000 00908cam a2200277 i 4500
001 11695
003 BD-RjUL
005 20211208235152.0
008 140127t19471965nyuaf 001 0 eng
035 _a(BD-RjUL)11744
040 _aDLC
_cDLC
_dBD-RjUL
_beng
041 _aeng
082 0 0 _a301.59209683
_bKUA 1965
100 1 _aKuper, Hilda.
_936181
245 1 3 _aAn African aristocracy :
_brank among the Swazi /
_cHilda Kuper.
260 _aNew York :
_bAfricana Pub. Co. : for the International African Institute,
_cc1947 [reptint 1965].
300 _axii, 251 p. :
_bill. ;
_c22 cm.
504 _aIncludes index.
650 0 _aSwazi (African people)
_xKings and rulers.
_936182
650 0 _aKings and rulers.
_936183
651 0 _aSwaziland
_xKings and rulers.
_936184
710 2 _aInternational African Institute.
_914177
942 _2ddc
_cBK
999 _c11695
_d11695